01401nam a22003017a 4500003000400000005001700004008004100021040001100062082001400073100003400087245001400121260012900135300002300264490002600287505017900313505013300492505003100625505002900656505003700685505002200722650004500744650004400789650005500833650004400888942002500932999001500957952012700972OSt20230516105038.0230516b |||||||| |||| 00| 0 eng d cLado V 2708aK82f 9826aKontova, Helenaeeditora aFlashArt/ aAustraliaaAustriaaBelgicaaCanadaaFranciaaAlemaniaaGran BretañaaHolandaaItaliaaEspañaaIrlandabGEA POLITIc2002 a112p.c20.5x27.5cm a226vXXXIVx0394-1493 aFlash Art NewstThe Biennial of Cetinje Holly Solomon Ultrabaroque At The Galleries Group Shows Iconoclash Christoph Buchel and Gianni Motti Group Shows Aperto Zagreb aFeaturestKaren Kilimnik Verne Dawson London John Currin Paint it Black Focus Painting Stock Market Rivane Neuenschwander aGlobal ArtrWilhelm Sasnal aOuverturesrDana Schutz  aSpotlightst8th Baltic Triennial aFlash Art Reviews 2Tesauro de Arte & ArquitecturaaCATALOGO 2Tesauro de Arte & ArquitecturaaREVISTA 2Tesauro de Arte & ArquitecturaaARTE INTERNACIONAL 2Tesauro de Arte & ArquitecturaaCRITICA 2ddcc1h708iK82fn0 c3567d3567 00102ddc3XXXIV40708RevistasaLVbLVd2023-05-16h226i002993l0o708 K82fp002993r2023-05-16 00:00:00w2023-05-16y1